000
00317nam a22001337a 4500
005
20260121111536.0
008
260121b |||||||| |||| 00| 0 eng d
100
_a
Sarthik Mahajan
245
_a
Sales and Market Engagement
260
_a
Jammu
_b
MIET
_c
2024
300
_a
40
650
_a
Management
942
_2
ddc
_c
TH
999
_c
21787
_d
21787